[Event "6. Open Veteranos de Calviá"]
[Site "Calviá ESP"]
[Date "2006.10.21"]
[Round "2.6"]
[White "Tejero Royo, Fermin"]
[Black "Spassov, Liuben"]
[Result "0-1"]
[WhiteElo "2159"]
[BlackElo "2365"]
[PlyCount "56"]
[EventDate "2006.10.20"]
[EventType "swiss"]
[EventRounds "9"]
[EventCountry "ESP"]
[Source "lmi"]
[SourceDate "2006.10.20"]

1. d4 Nf6 2. Nf3 e6 3. g3 b5 4. a4 b4 5. Bg2 Bb7 6. O-O c5 7. Nbd2 cxd4 8. Nb3
Be7 9. a5 O-O 10. Nbxd4 a6 11. Nb3 Qc8 12. Be3 Be4 13. Rc1 d6 14. Nh4 Bxg2 15.
Nxg2 Nc6 16. Nf4 Rb8 17. Qd2 Ne5 18. Bb6 d5 19. Qd4 Nc4 20. Nd2 Nxb6 21. axb6
Bc5 22. Qe5 Bxb6 23. c4 bxc3 24. Rxc3 Qd7 25. Nf3 h6 26. Nh5 Nxh5 27. Qxh5 Qb5
28. g4 Qxb2 0-1

[Event "6. Open Veteranos de Calviá"]
[Site "Calviá ESP"]
[Date "2006.10.21"]
[Round "2.7"]
[White "Berry, Stephen"]
[Black "Forteza Valls, Jose Maria"]
[Result "0-1"]
[WhiteElo "2365"]
[BlackElo "2105"]
[PlyCount "94"]
[EventDate "2006.10.20"]
[EventType "swiss"]
[EventRounds "9"]
[EventCountry "ESP"]
[Source "lmi"]
[SourceDate "2006.10.20"]

1. e4 e6 2. d4 d5 3. e5 c5 4. c3 Nc6 5. Nf3 Nge7 6. Na3 a6 7. Nc2 Ng6 8. h4 Be7
9. h5 Nf8 10. Rh3 g5 11. hxg6 Nxg6 12. Be3 cxd4 13. cxd4 Bd7 14. Bd3 Qb6 15. b3
O-O-O 16. Kf1 Kb8 17. Rb1 f5 18. b4 Na7 19. a3 Rc8 20. Rc1 Rc3 21. Be2 Ba4 22.
Bd2 Rxa3 23. Qe1 Bxc2 24. Rxc2 Rb3 25. Kg1 Nc6 26. b5 axb5 27. Ra2 b4 28. Kh2
Nxd4 29. Be3 Bc5 30. Bxd4 Bxd4 31. Qd1 Bxe5+ 32. Kg1 Rc3 33. Nxe5 Nxe5 34. Qa4
Rc1+ 35. Bf1 Qa6 36. Qxa6 bxa6 37. Rxa6 Nc6 38. Kh2 Kb7 39. Bd3 Rc3 40. Ra4 Kb6
41. Re3 Kc5 42. Ra6 Re8 43. Rh3 Re7 44. f4 Ra7 45. Rxa7 Nxa7 46. Rxh7 Rxd3 47.
Rxa7 b3 0-1

[Event "6. Open Veteranos de Calviá"]
[Site "Calviá ESP"]
[Date "2006.10.21"]
[Round "2.8"]
[White "Batalla Batalla, Josep"]
[Black "Garcia Martinez, Silvino"]
[Result "0-1"]
[WhiteElo "2127"]
[BlackElo "2316"]
[PlyCount "64"]
[EventDate "2006.10.20"]
[EventType "swiss"]
[EventRounds "9"]
[EventCountry "ESP"]
[Source "lmi"]
[SourceDate "2006.10.20"]

1. e4 c5 2. Nf3 e6 3. d4 cxd4 4. Nxd4 a6 5. Nc3 Qc7 6. g3 Nf6 7. Bg2 Bb4 8. Bd2
d6 9. O-O Bc5 10. Bg5 Nbd7 11. Kh1 h6 12. Bxf6 Nxf6 13. Qd3 Bd7 14. Nb3 Bb4 15.
Qd4 Bxc3 16. bxc3 e5 17. Qd2 Bc6 18. Rfe1 O-O 19. Rad1 Rfd8 20. Qe3 Rac8 21. f3
Ba4 22. Bh3 Bd7 23. Bxd7 Qxd7 24. Rd3 Qa4 25. Qb6 Qxa2 26. Rd2 Qb2 27. Re3 Rd7
28. Red3 Rxc3 29. Rxd6 Rxd6 30. Qxd6 Rxc2 31. Rxc2 Qxc2 32. Nc5 Qf2 0-1

[Event "6. Open Veteranos de Calviá"]
[Site "Calviá ESP"]
[Date "2006.10.21"]
[Round "2.9"]
[White "Simon Padros, Emili"]
[Black "Campos Calvo-Sotelo, Juan"]
[Result "1/2-1/2"]
[WhiteElo "2260"]
[BlackElo "2086"]
[PlyCount "55"]
[EventDate "2006.10.20"]
[EventType "swiss"]
[EventRounds "9"]
[EventCountry "ESP"]
[Source "lmi"]
[SourceDate "2006.10.20"]

1. e4 e6 2. d4 a6 3. Nf3 b5 4. Bd3 c5 5. c3 Bb7 6. O-O Nf6 7. e5 Nd5 8. dxc5
Bxc5 9. b4 Be7 10. a4 Nc6 11. axb5 axb5 12. Rxa8 Bxa8 13. Bxb5 O-O 14. Bd3 f5
15. b5 Na5 16. Qa4 Nb7 17. Bd2 Nc5 18. Qc2 Nxd3 19. Qxd3 g5 20. c4 Nf4 21. Bxf4
gxf4 22. Nbd2 Bc5 23. Nb3 Be4 24. Qe2 Qb6 25. Nxc5 Qxc5 26. Ng5 Qxe5 27. Re1
Ra8 28. h4 1/2-1/2

[Event "6. Open Veteranos de Calviá"]
[Site "Calviá ESP"]
[Date "2006.10.21"]
[Round "2.10"]
[White "Alonso Perez, Jose Ramon"]
[Black "Anguera Maestro, Jaime"]
[Result "0-1"]
[WhiteElo "2036"]
[BlackElo "2214"]
[PlyCount "104"]
[EventDate "2006.10.20"]
[EventType "swiss"]
[EventRounds "9"]
[EventCountry "ESP"]
[Source "lmi"]
[SourceDate "2006.10.20"]

1. d4 Nf6 2. c4 g6 3. g3 Bg7 4. Bg2 O-O 5. Nf3 d6 6. Nc3 c6 7. O-O Be6 8. d5
Bg4 9. h3 Bxf3 10. Bxf3 c5 11. Rb1 Nbd7 12. e4 a6 13. Qe2 Rb8 14. Bd2 Qc7 15.
Rfc1 e6 16. dxe6 fxe6 17. Bg2 Ne5 18. Be3 Nc6 19. Rd1 Ne8 20. Qg4 Qf7 21. f4
Bd4 22. Qe2 Qg7 23. Bxd4 Nxd4 24. Qd3 e5 25. Rf1 Nc7 26. f5 b5 27. g4 b4 28.
Ne2 g5 29. Ng3 Ne8 30. b3 Nf6 31. Rf2 a5 32. Bf3 Ra8 33. Bd1 h6 34. Rg2 Kf7 35.
Rbb2 Ke7 36. Nh5 Qf7 37. Ng3 Qe8 38. Nh5 Qc6 39. Nxf6 Kxf6 40. h4 Rh8 41. hxg5+
hxg5 42. Rh2 Qb7 43. Rh5 Rxh5 44. gxh5 Qg7 45. Rg2 Qh6 46. Qd2 a4 47. bxa4 Rxa4
48. Qxg5+ Qxg5 49. Rxg5 Kxg5 50. Bxa4 Nf3+ 51. Kf2 Nd2 52. Bc6 Nxc4 0-1

[Event "6. Open Veteranos de Calviá"]
[Site "Calviá ESP"]
[Date "2006.10.21"]
[Round "2.11"]
[White "Kozarcanin, Sead"]
[Black "Sarto Ramos, Angel"]
[Result "0-1"]
[WhiteElo "2213"]
[BlackElo "2069"]
[PlyCount "109"]
[EventDate "2006.10.20"]
[EventType "swiss"]
[EventRounds "9"]
[EventCountry "ESP"]
[Source "lmi"]
[SourceDate "2006.10.20"]

1. e4 g6 2. d4 c6 3. f3 d5 4. Be3 Bg7 5. Ne2 dxe4 6. fxe4 Nf6 7. Nbc3 O-O 8.
Qd2 Ng4 9. O-O-O Nxe3 10. Qxe3 Qb6 11. e5 Nd7 12. Qe4 e6 13. Ng1 c5 14. Nf3
cxd4 15. Rxd4 a6 16. Bd3 Nc5 17. Qe2 Qc7 18. Re1 b5 19. a3 Bb7 20. h4 Rad8 21.
Rxd8 Rxd8 22. Kb1 Nxd3 23. cxd3 Qd7 24. Kc2 a5 25. Ne4 Qc7+ 26. Kb1 Bxe5 27.
Rc1 Qb8 28. Nc5 Bxf3 29. Qxf3 Qd6 30. h5 Rc8 31. hxg6 hxg6 32. Nb3 Rxc1+ 33.
Nxc1 Qd4 34. Qe2 a4 35. Na2 Qg1+ 36. Kc2 Qc5+ 37. Kb1 Bd4 38. Nb4 Qe5 39. Qc2
Qe1+ 40. Ka2 Qf2 41. Kb1 Qxc2+ 42. Kxc2 f5 43. Nc6 e5 44. Nb4 f4 45. Nd5 Kf7
46. Nc7 g5 47. Nxb5 Ke6 48. Nxd4+ exd4 49. Kd2 Kf5 50. Ke2 g4 51. Kf2 g3+ 52.
Kf1 Kg4 53. Ke2 f3+ 54. gxf3+ Kf4 55. Ke1 0-1

[Event "6. Open Veteranos de Calviá"]
[Site "Calviá ESP"]
[Date "2006.10.21"]
[Round "2.12"]
[White "Feiguelman, Boris Dr"]
[Black "Perez Pascual, Arturo"]
[Result "1/2-1/2"]
[WhiteElo "2092"]
[BlackElo "2015"]
[PlyCount "125"]
[EventDate "2006.10.20"]
[EventType "swiss"]
[EventRounds "9"]
[EventCountry "ESP"]
[Source "lmi"]
[SourceDate "2006.10.20"]

1. e4 e5 2. f4 exf4 3. Nf3 g5 4. Bc4 Bg7 5. h4 h6 6. d4 d6 7. c3 Nc6 8. O-O g4
9. Bxf4 Nf6 10. Nfd2 O-O 11. g3 Re8 12. Bd3 Nh5 13. Nb3 Nxf4 14. Rxf4 h5 15.
Qf1 Qe7 16. N1d2 Bh6 17. Rf5 Bxf5 18. Qxf5 Qe6 19. Qxh5 Qg6 20. Qxg6+ fxg6 21.
Be2 a5 22. a4 Rf8 23. Rf1 Rae8 24. Rxf8+ Rxf8 25. Nf1 b6 26. Bxg4 Rf6 27. Kg2
Nd8 28. Nh2 Kf8 29. Be2 Re6 30. Ng4 Bg7 31. Kf3 Re7 32. Ke3 Nf7 33. Kd3 Nh6 34.
Ne3 c6 35. Nd2 Nf7 36. g4 Ke8 37. h5 Nh8 38. Ndc4 Kd7 39. Nxb6+ Kc7 40. Nbc4
Bh6 41. d5 gxh5 42. dxc6 Bxe3 43. Nxe3 Kxc6 44. gxh5 Nf7 45. Kd4 Ng5 46. Bb5+
Kb7 47. Bd3 Kc6 48. Nd5 Rh7 49. Nf4 Nf3+ 50. Ke3 Ne5 51. Be2 Nd7 52. b4 Nf6 53.
Kd4 Kb6 54. Nd5+ Nxd5 55. Kxd5 Re7 56. Bg4 Re5+ 57. Kd4 Rg5 58. Bd1 Re5 59.
bxa5+ Kxa5 60. Bg4 Rg5 61. Bf5 Rxh5 62. Kd5 Kxa4 63. Kc4 1/2-1/2

[Event "6. Open Veteranos de Calviá"]
[Site "Calviá ESP"]
[Date "2006.10.21"]
[Round "2.13"]
[White "Pellicer Sancho, Rafael Jose"]
[Black "Antigua Padros, Jordi"]
[Result "1/2-1/2"]
[WhiteElo "1961"]
[BlackElo "2160"]
[PlyCount "85"]
[EventDate "2006.10.20"]
[EventType "swiss"]
[EventRounds "9"]
[EventCountry "ESP"]
[Source "lmi"]
[SourceDate "2006.10.20"]

1. e4 d5 2. exd5 Qxd5 3. Nc3 Qa5 4. Nf3 c6 5. Bc4 Bf5 6. d3 Nf6 7. h3 e6 8. O-O
Be7 9. Ne2 Nbd7 10. Ng3 Bg6 11. Nh4 Nd5 12. Nxg6 hxg6 13. d4 N7f6 14. c3 Qc7
15. Qf3 O-O 16. Ne4 Rad8 17. Re1 b6 18. Bb3 Nxe4 19. Qxe4 c5 20. Bxd5 Rxd5 21.
Bf4 Qd7 22. Be3 c4 23. Bf4 b5 24. a3 a5 25. Qc2 Rc8 26. Re5 Qb7 27. Rae1 Bf8
28. Rxd5 exd5 29. Qd1 Qc6 30. h4 b4 31. axb4 axb4 32. h5 bxc3 33. bxc3 Rd8 34.
Qg4 gxh5 35. Qxh5 Qg6 36. Qxg6 fxg6 37. Bg5 Rd7 38. Kh2 Kf7 39. Kh3 Bd6 40. Kg4
Rb7 41. Bf4 Be7 42. Bg5 Bf6 43. Bxf6 1/2-1/2

[Event "6. Open Veteranos de Calviá"]
[Site "Calviá ESP"]
[Date "2006.10.21"]
[Round "2.14"]
[White "Klempt, Guenter"]
[Black "Febrero Perez, Lluis"]
[Result "1-0"]
[WhiteElo "2071"]
[BlackElo "1754"]
[PlyCount "91"]
[EventDate "2006.10.20"]
[EventType "swiss"]
[EventRounds "9"]
[EventCountry "ESP"]
[Source "lmi"]
[SourceDate "2006.10.20"]

1. d4 Nf6 2. c4 g6 3. Nc3 Bg7 4. e4 d6 5. f3 O-O 6. Be3 b6 7. Qd2 Bb7 8. g4 e6
9. O-O-O d5 10. e5 Ne8 11. cxd5 exd5 12. h4 c5 13. h5 cxd4 14. Bxd4 Nc6 15.
hxg6 fxg6 16. f4 Nxd4 17. Qxd4 Nc7 18. Nge2 Ne6 19. Qe3 d4 20. Nxd4 Bxh1 21.
Nxe6 Qh4 22. Nxf8 Rxf8 23. Kb1 Bh6 24. Bc4+ Kh8 25. e6 Bc6 26. e7 Re8 27. Qe6
Qxe7 28. Qxc6 Bxf4 29. Qd7 Bg5 30. Qxe7 Rxe7 31. Kc2 Kg7 32. Bb5 Kh6 33. Rd7
Kg7 34. Ne4 Bh4 35. Kd3 Kf8 36. Rxe7 Kxe7 37. Kd4 Ke6 38. Bc4+ Kd7 39. Ke5 Be7
40. g5 Bf8 41. Nf6+ Ke7 42. Nxh7 Bg7+ 43. Nf6 Kf8 44. Ke6 Bh8 45. Bd3 Kg7 46.
b3 1-0

[Event "6. Open Veteranos de Calviá"]
[Site "Calviá ESP"]
[Date "2006.10.21"]
[Round "2.15"]
[White "Diaz Begonte, Manuel"]
[Black "Aretxabaleta, Julian"]
[Result "1-0"]
[WhiteElo "1897"]
[BlackElo "1872"]
[PlyCount "67"]
[EventDate "2006.10.20"]
[EventType "swiss"]
[EventRounds "9"]
[EventCountry "ESP"]
[Source "lmi"]
[SourceDate "2006.10.20"]

1. e4 e5 2. d4 d6 3. f4 exf4 4. Bxf4 Nc6 5. Nf3 Bg4 6. c3 Be7 7. Bd3 Nf6 8. O-O
O-O 9. Nbd2 a6 10. h3 Nh5 11. Bh2 Bd7 12. d5 Na7 13. Nd4 Nf6 14. Qf3 c5 15. Nf5
Bxf5 16. Qxf5 Qd7 17. Qf3 b5 18. c4 Rab8 19. e5 dxe5 20. Bxe5 Rb7 21. Bf5 Qe8
22. d6 Bd8 23. Bxf6 Bxf6 24. Qxb7 Qe3+ 25. Kh1 Qxd2 26. Rad1 Qxb2 27. Qxa7 g6
28. Bg4 Qe5 29. Qxa6 Kg7 30. d7 Bd8 31. Qd6 Qc3 32. cxb5 Qc4 33. b6 f5 34. b7
1-0

[Event "6. Open Veteranos de Calviá"]
[Site "Calviá ESP"]
[Date "2006.10.21"]
[Round "2.16"]
[White "Pomar Mir, Francisco"]
[Black "Gonzalo Gonzalez, Francisco"]
[Result "1/2-1/2"]
[WhiteElo "1996"]
[BlackElo "1921"]
[PlyCount "93"]
[EventDate "2006.10.20"]
[EventType "swiss"]
[EventRounds "9"]
[EventCountry "ESP"]
[Source "lmi"]
[SourceDate "2006.10.20"]

1. e4 c5 2. Nf3 Nc6 3. Bb5 g6 4. O-O Bg7 5. c3 Nf6 6. Re1 a6 7. Bf1 d6 8. d4
cxd4 9. cxd4 O-O 10. h3 Qc7 11. Nc3 b5 12. a3 Bb7 13. Bf4 Rad8 14. Rc1 Qd7 15.
b4 Nh5 16. Be3 e6 17. Qd2 f5 18. d5 Ne5 19. Ng5 exd5 20. exd5 f4 21. Bb6 Rde8
22. Nce4 Rc8 23. Ne6 Rfe8 24. Nc7 Re7 25. Ng5 Qf5 26. Nge6 Nf6 27. Nxg7 Rxg7
28. Ne6 Re7 29. Rxc8+ Bxc8 30. Nd4 Qg5 31. Bd8 Re8 32. Bxf6 Qxf6 33. Nc6 Qg5
34. Nxe5 Rxe5 35. Rxe5 Qxe5 36. Qe2 Bb7 37. Qxe5 dxe5 38. d6 Kf8 39. Bd3 Ke8
40. h4 e4 41. Bc2 Bd5 42. Kf1 Kd7 43. g3 f3 44. Ke1 Kxd6 45. Kd2 Ke5 46. Ke3
Kf5 47. Bb1 1/2-1/2

[Event "6. Open Veteranos de Calviá"]
[Site "Calviá ESP"]
[Date "2006.10.21"]
[Round "2.17"]
[White "Penalver Guardia, Josep"]
[Black "Yanez Acin, Gonzalo"]
[Result "1/2-1/2"]
[WhiteElo "1918"]
[BlackElo "1988"]
[PlyCount "80"]
[EventDate "2006.10.20"]
[EventType "swiss"]
[EventRounds "9"]
[EventCountry "ESP"]
[Source "lmi"]
[SourceDate "2006.10.20"]

1. d4 Nf6 2. Nf3 d5 3. c4 c6 4. Nc3 e6 5. Bf4 Be7 6. e3 O-O 7. Bd3 Re8 8. O-O
Nbd7 9. h3 Nf8 10. a3 dxc4 11. Bxc4 Nd5 12. Bh2 Bd6 13. Bxd6 Qxd6 14. Ne4 Qe7
15. Rc1 Bd7 16. Bd3 Rec8 17. Ne5 Rc7 18. Qh5 Be8 19. Qe2 Rd8 20. Rfd1 Nf6 21.
Nxf6+ Qxf6 22. Rc3 Nd7 23. Ng4 Qe7 24. f4 Nf6 25. Ne5 Nd5 26. Rcc1 Qh4 27. Rf1
f6 28. Nf3 Qh6 29. Rce1 g6 30. Bc4 Re7 31. Nd2 Bf7 32. Ne4 Qg7 33. Qd2 Kh8 34.
Qa5 b6 35. Qd2 Red7 36. Qc2 Bg8 37. b4 Qe7 38. Qb2 Kg7 39. Rf2 Rc7 40. Rc2 Bf7
1/2-1/2

[Event "6. Open Veteranos de Calviá"]
[Site "Calviá ESP"]
[Date "2006.10.21"]
[Round "2.18"]
[White "Lastras Hernandez, Tomas"]
[Black "Alonso Igual, Ignacio"]
[Result "1-0"]
[WhiteElo "1986"]
[BlackElo "1899"]
[PlyCount "116"]
[EventDate "2006.10.20"]
[EventType "swiss"]
[EventRounds "9"]
[EventCountry "ESP"]
[Source "lmi"]
[SourceDate "2006.10.20"]

1. c4 e5 2. Nc3 Nf6 3. Nf3 Nc6 4. e4 Bb4 5. d3 h6 6. g3 d6 7. Bg2 O-O 8. O-O
Bxc3 9. bxc3 Be6 10. Ne1 Qd7 11. f4 exf4 12. gxf4 Bh3 13. f5 Bxg2 14. Nxg2 Ne5
15. Nf4 c6 16. Rf2 d5 17. Nh5 Nxh5 18. Qxh5 Kh7 19. Rg2 f6 20. cxd5 cxd5 21. d4
Qf7 22. Qe2 Nc4 23. Rg6 Rfe8 24. Qh5 Qf8 25. e5 Nxe5 26. dxe5 Rxe5 27. Bf4 Re4
28. Qf3 Rae8 29. Kh1 Re1+ 30. Rxe1 Rxe1+ 31. Kg2 Qe7 32. Kh3 Qe2 33. Qxe2 Rxe2
34. Rg2 Re4 35. Kg3 Rc4 36. Bd2 a6 37. Kf3 Ra4 38. Be1 d4 39. cxd4 Rxd4 40. Rb2
b5 41. Rb3 Ra4 42. a3 Rc4 43. Rb4 Rc1 44. Ke2 Rc5 45. Rf4 Rc2+ 46. Bd2 Ra2 47.
Rf3 Rc2 48. Rc3 Ra2 49. Kd1 Ra1+ 50. Bc1 Ra2 51. Rc2 Ra1 52. Kd2 a5 53. Kc3 Rb1
54. Be3 b4+ 55. axb4 axb4+ 56. Kc4 b3 57. Rc1 Rb2 58. Bf4 Rf2 1-0

[Event "6. Open Veteranos de Calviá"]
[Site "Calviá ESP"]
[Date "2006.10.21"]
[Round "2.19"]
[White "Mimbrero Cuello, Diego"]
[Black "Castan Sanclemente, Alejandro"]
[Result "0-1"]
[WhiteElo "1888"]
[BlackElo "1982"]
[PlyCount "62"]
[EventDate "2006.10.20"]
[EventType "swiss"]
[EventRounds "9"]
[EventCountry "ESP"]
[Source "lmi"]
[SourceDate "2006.10.20"]

1. e4 e5 2. Nf3 Nf6 3. d3 Nc6 4. Be2 Bc5 5. O-O d6 6. c3 h6 7. Nbd2 O-O 8. a4
a6 9. h3 Be6 10. Re1 Qd7 11. Nf1 d5 12. Qc2 Rfe8 13. Ng3 Bxh3 14. gxh3 Qxh3 15.
d4 exd4 16. Bf1 Qxg3+ 17. fxg3 d3+ 18. Qf2 Bxf2+ 19. Kxf2 dxe4 20. Nd4 Ne5 21.
Bh3 Neg4+ 22. Kg2 e3 23. Bxg4 Nxg4 24. Kf3 Nh2+ 25. Kg2 d2 26. Bxd2 exd2 27.
Red1 c5 28. Nb3 Re2+ 29. Kh3 Rae8 30. Nxc5 R8e5 31. g4 Rxc5 0-1

[Event "6. Open Veteranos de Calviá"]
[Site "Calviá ESP"]
[Date "2006.10.21"]
[Round "2.20"]
[White "Perez Cameselle, Francisco"]
[Black "Benito Alba, Eladio"]
[Result "1-0"]
[WhiteElo "1981"]
[BlackElo "1890"]
[PlyCount "69"]
[EventDate "2006.10.20"]
[EventType "swiss"]
[EventRounds "9"]
[EventCountry "ESP"]
[Source "lmi"]
[SourceDate "2006.10.20"]

1. Nf3 d5 2. g3 Nf6 3. Bg2 c5 4. d3 Nc6 5. Nbd2 g6 6. O-O Bg7 7. e4 O-O 8. Qe2
Bg4 9. c3 Qc7 10. h3 Bxf3 11. Nxf3 dxe4 12. dxe4 e5 13. Nd2 Rfd8 14. Nc4 b5 15.
Ne3 c4 16. Nd5 Nxd5 17. exd5 Ne7 18. d6 Qxd6 19. Bxa8 Rxa8 20. Be3 Qe6 21. h4
f5 22. Rad1 Nd5 23. Qd2 Rd8 24. Bxa7 f4 25. Kh2 Qg4 26. Rfe1 Bf6 27. Qe2 fxg3+
28. fxg3 Qe6 29. Be3 Kg7 30. Bg5 Bxg5 31. hxg5 Re8 32. Qe4 Nc7 33. Rf1 Rf8 34.
Rxf8 Kxf8 35. Rf1+ 1-0

[Event "6. Open Veteranos de Calviá"]
[Site "Calviá ESP"]
[Date "2006.10.22"]
[Round "3.2"]
[White "Anguera Maestro, Jaime"]
[Black "Suba, Mihai"]
[Result "0-1"]
[WhiteElo "2214"]
[BlackElo "2535"]
[PlyCount "105"]
[EventDate "2006.10.20"]
[EventType "swiss"]
[EventRounds "9"]
[EventCountry "ESP"]
[Source "lmi"]
[SourceDate "2006.10.20"]

1. d4 Nf6 2. Nf3 e6 3. c4 c5 4. e3 cxd4 5. exd4 b6 6. Nc3 Bb7 7. Bd3 Be7 8. O-O
d5 9. cxd5 Nxd5 10. Nxd5 Bxd5 11. Bb5+ Bc6 12. Qa4 Qd7 13. Bxc6 Qxc6 14. Qxc6+
Nxc6 15. Be3 Bf6 16. Rac1 Kd7 17. Rfd1 Nb4 18. Rc4 Nd5 19. Rdc1 Rhc8 20. Rxc8
Rxc8 21. Rxc8 Kxc8 22. Bg5 Kd7 23. Bd2 Kc6 24. Kf1 Ne7 25. Ke2 Kd5 26. Kd3 Nc6
27. Bc3 b5 28. b3 a6 29. g4 g6 30. h4 h5 31. g5 Bh8 32. Ke3 Ne7 33. Kd3 Nf5 34.
Bb2 f6 35. Bc1 fxg5 36. Bxg5 Bxd4 37. Ke2 e5 38. Ne1 Bc5 39. Nd3 Nd4+ 40. Kd1
Bd6 41. Ne1 Ke4 42. Bd8 Nf3 43. Ng2 Bc5 44. Ke2 Nd4+ 45. Kf1 Ne6 46. Bf6 Kf5
47. Bh8 e4 48. Bc3 Nf4 49. Bd2 Nd5 50. Bg5 Kg4 51. Ke2 Nb4 52. Bd2 Nc6 53. Be3
0-1

[Event "6. Open Veteranos de Calviá"]
[Site "Calviá ESP"]
[Date "2006.10.22"]
[Round "3.3"]
[White "Ermenkov, Evgenij"]
[Black "Hutchinson, Paul A"]
[Result "1-0"]
[WhiteElo "2455"]
[BlackElo "2178"]
[PlyCount "127"]
[EventDate "2006.10.20"]
[EventType "swiss"]
[EventRounds "9"]
[EventCountry "ESP"]
[Source "lmi"]
[SourceDate "2006.10.20"]

1. e4 e5 2. Bc4 Nf6 3. d3 c6 4. Nf3 Be7 5. O-O Qc7 6. Re1 O-O 7. Bb3 d6 8. c3
h6 9. Nbd2 Nh7 10. Nf1 Be6 11. Ng3 Nd7 12. d4 Bxb3 13. axb3 Rfd8 14. Be3 Ndf8
15. Qd2 Ng6 16. c4 Nhf8 17. d5 a5 18. Nf5 Nh7 19. h3 Bf8 20. g3 c5 21. Qd3 f6
22. h4 Nh8 23. Kg2 Nf7 24. h5 Nh8 25. Bd2 b6 26. N3h4 Qf7 27. Qe2 Rab8 28. Qg4
Ng5 29. f4 Qe8 30. fxg5 hxg5 31. Nf3 Nf7 32. Bc3 Kh7 33. Rh1 Qd7 34. Ne3 Nh6
35. Qxd7 Rxd7 36. Nh2 Be7 37. Nhg4 Rf8 38. Nxh6 gxh6 39. Kf3 Bd8 40. Kg4 Rff7
41. Rhf1 Kg7 42. Rf3 Kh7 43. Raf1 Kg7 44. Kh3 Kg8 45. Kg2 Kh7 46. Kf2 Rb7 47.
Ke2 Ra7 48. Kd3 Rf8 49. Nf5 Bc7 50. Ne7 Kg7 51. Kc2 Raa8 52. Kb1 Rf7 53. Nf5+
Kh7 54. Ka2 Raf8 55. Ka3 Re8 56. Ka4 Ref8 57. Kb5 Rd8 58. Bd2 Rdd7 59. Kc6 Rd8
60. Nxh6 Kxh6 61. Rxf6+ Rxf6 62. Rxf6+ Kxh5 63. Kxc7 Rg8 64. Kxd6 1-0

[Event "6. Open Veteranos de Calviá"]
[Site "Calviá ESP"]
[Date "2006.10.22"]
[Round "3.4"]
[White "Forteza Valls, Jose Maria"]
[Black "Leskovar, Mario"]
[Result "0-1"]
[WhiteElo "2105"]
[BlackElo "2373"]
[PlyCount "62"]
[EventDate "2006.10.20"]
[EventType "swiss"]
[EventRounds "9"]
[EventCountry "ESP"]
[Source "lmi"]
[SourceDate "2006.10.20"]

1. e4 e5 2. Nf3 d6 3. d4 exd4 4. Nxd4 g6 5. Be2 Bg7 6. c3 Nf6 7. Nd2 O-O 8. O-O
Re8 9. Bf3 Nbd7 10. Re1 Nc5 11. Qc2 d5 12. b4 Ncxe4 13. Nf1 c6 14. h3 Be6 15.
Bf4 a5 16. Rad1 axb4 17. cxb4 Qb6 18. Nxe6 Rxe6 19. Qb3 Qb5 20. Rd3 Rae8 21.
Be2 Qb6 22. Ne3 g5 23. Bh2 Nxf2 24. Bc7 Qxc7 25. Kxf2 Qf4+ 26. Bf3 d4 27. g3
dxe3+ 28. Kg2 Qc7 29. b5 Ne4 30. Bxe4 Rxe4 31. Re2 Qe7 0-1

[Event "6. Open Veteranos de Calviá"]
[Site "Calviá ESP"]
[Date "2006.10.22"]
[Round "3.5"]
[White "Spassov, Liuben"]
[Black "Sarto Ramos, Angel"]
[Result "1-0"]
[WhiteElo "2365"]
[BlackElo "2069"]
[PlyCount "85"]
[EventDate "2006.10.20"]
[EventType "swiss"]
[EventRounds "9"]
[EventCountry "ESP"]
[Source "lmi"]
[SourceDate "2006.10.20"]

1. d4 g6 2. c4 c5 3. d5 d6 4. Nc3 Bg7 5. e4 e5 6. Be2 Ne7 7. h4 h5 8. Bg5 f6 9.
Be3 Bh6 10. Bxh6 Rxh6 11. Qd2 Rh8 12. g3 a6 13. f4 Nd7 14. Nf3 b6 15. fxe5 Nxe5
16. Nxe5 fxe5 17. O-O Ng8 18. Rf2 Qe7 19. Kg2 Ra7 20. Raf1 Nh6 21. Rf6 Ng4 22.
Rxg6 Rf8 23. Bxg4 Bxg4 24. Qh6 Rxf1 25. Kxf1 Qf8+ 26. Qxf8+ Kxf8 27. Rxd6 b5
28. Rb6 b4 29. Na4 Rf7+ 30. Ke1 Rf3 31. Nxc5 Re3+ 32. Kf1 Rf3+ 33. Kg2 a5 34.
d6 Re3 35. Rb8+ Kf7 36. d7 Bxd7 37. Nxd7 Re2+ 38. Kf3 Rxb2 39. Nxe5+ Ke6 40.
Nc6 Rxa2 41. Nxa5 Rxa5 42. Rxb4 Ra1 43. Rb5 1-0

[Event "6. Open Veteranos de Calviá"]
[Site "Calviá ESP"]
[Date "2006.10.22"]
[Round "3.6"]
[White "Perez Pascual, Arturo"]
[Black "Simon Padros, Emili"]
[Result "0-1"]
[WhiteElo "2015"]
[BlackElo "2260"]
[PlyCount "82"]
[EventDate "2006.10.20"]
[EventType "swiss"]
[EventRounds "9"]
[EventCountry "ESP"]
[Source "lmi"]
[SourceDate "2006.10.20"]

1. e4 g6 2. d4 c6 3. Nc3 Bg7 4. f4 d5 5. e5 h5 6. Nf3 Nh6 7. Be3 Bf5 8. Bd3 e6
9. Bxf5 Nxf5 10. Bf2 Bf8 11. O-O h4 12. a3 Nd7 13. Ne2 Be7 14. Qd2 Kf8 15. b3
Kg7 16. c4 dxc4 17. bxc4 Nb6 18. Qc3 Qc7 19. Qb3 Rhd8 20. Rfd1 Rd7 21. Rd2 Rad8
22. Rad1 Nc8 23. Nc3 Qa5 24. Nb1 Nb6 25. Rc2 c5 26. d5 exd5 27. cxd5 Rxd5 28.
Rxd5 Rxd5 29. Rd2 c4 30. Qb2 Rxd2 31. Nfxd2 Kg8 32. Ne4 Qa4 33. Qd2 Qc6 34.
Nbc3 Kg7 35. Qb2 Nd5 36. g4 hxg3 37. hxg3 Nxc3 38. Nxc3 Bc5 39. Kh2 Bxf2 40.
Qxf2 Qd7 41. g4 Nh6 0-1

[Event "6. Open Veteranos de Calviá"]
[Site "Calviá ESP"]
[Date "2006.10.22"]
[Round "3.7"]
[White "Campos Calvo-Sotelo, Juan"]
[Black "Klempt, Guenter"]
[Result "0-1"]
[WhiteElo "2086"]
[BlackElo "2071"]
[PlyCount "76"]
[EventDate "2006.10.20"]
[EventType "swiss"]
[EventRounds "9"]
[EventCountry "ESP"]
[Source "lmi"]
[SourceDate "2006.10.20"]

1. e4 c5 2. g3 Nc6 3. Bg2 g6 4. f4 Bg7 5. Nf3 e6 6. d3 Nge7 7. O-O O-O 8. c3
Rb8 9. a4 d5 10. Qe2 dxe4 11. dxe4 Qc7 12. Na3 a6 13. Nc4 b5 14. axb5 axb5 15.
Nce5 Nxe5 16. Nxe5 Bb7 17. Be3 Rfd8 18. Nd3 c4 19. Nc5 Ra8 20. Nxb7 Qxb7 21. f5
Rxa1 22. Rxa1 Qd7 23. fxe6 Qxe6 24. Qf2 Nc6 25. Bb6 Rc8 26. Bd4 Nxd4 27. cxd4
Rd8 28. d5 Qe5 29. Rb1 Ra8 30. Kf1 Ra2 31. Qc5 Rxb2 32. Ra1 Qf6+ 33. Kg1 Rxg2+
34. Kxg2 Qb2+ 35. Kh3 Qxa1 36. Qc8+ Bf8 37. d6 Qf1+ 38. Kg4 Qd1+ 0-1

[Event "6. Open Veteranos de Calviá"]
[Site "Calviá ESP"]
[Date "2006.10.22"]
[Round "3.8"]
[White "Bellon Lopez, Juan Manuel"]
[Black "Diaz Begonte, Manuel"]
[Result "1-0"]
[WhiteElo "2438"]
[BlackElo "1897"]
[PlyCount "61"]
[EventDate "2006.10.20"]
[EventType "swiss"]
[EventRounds "9"]
[EventCountry "ESP"]
[Source "lmi"]
[SourceDate "2006.10.20"]

1. d4 d5 2. Nf3 Nf6 3. c4 c6 4. Nc3 dxc4 5. a4 Bf5 6. Nh4 Bg6 7. Nxg6 hxg6 8.
e4 e5 9. Be3 exd4 10. Qxd4 Qxd4 11. Bxd4 Bb4 12. Bxc4 O-O 13. O-O Nbd7 14. Rfd1
c5 15. Bxf6 Nxf6 16. e5 Bxc3 17. bxc3 Ng4 18. e6 Ne5 19. Bd5 fxe6 20. Bxe6+ Kh7
21. Rd5 Nc6 22. Rxc5 Rad8 23. Rd5 Rxd5 24. Bxd5 Rf4 25. g3 Rf5 26. c4 Na5 27.
Re1 a6 28. Re8 b5 29. axb5 axb5 30. f4 Rf6 31. cxb5 1-0